000 00773nam a2200205 a 4500
003 AM-YeHGA
005 20250618072316.0
008 041110s1939 ai 000 | arm d
040 _aAM-YeHGA
041 0 _aarm
100 1 _aԹարգյուլ, Լյուսի,
_d1905-1955
_91142
245 1 0 _aԴեպի Իսպանիա :
_b(Վիպակ) /
_cԼ. Թարգյուլ; Նկ.՝ Գ. Պետրոսյան.
260 _aՅերևան :
_bՊետհրատ,
_c1939.
300 _a74 էջ :
_bնկ. ;
_c20 սմ.
650 1 4 _aՀայ մանկական գրականություն
_xՎիպակ
700 1 _aՊետրոսյան, Գ.
_eնկ.
_4art
856 4 _uhttps://arar.sci.am/dlibra/publication/300925/edition/276061/content
_yԿարդալ առցանց
942 _2udc
_cBK
090 _c146624
999 _c145239
_d145239